00410nam a2200169Ia 450000500170000000800410001702000150005804000190007304100120009208200110010410000180011524500310013326000330016430000100019765000230020785000100023020230704094708.0131103s9999 xx 000 0 und d a044619154X aLoreto College aEnglish aFbBRO aBrown, Sandra 4aThe witness cSandra Brown aNew YorkbWarner Booksc2007 a428p  aFiction in English aLCLIB